书目信息 |
| 题名: |
大学英语导学与精练
|
|
| 作者: | 贾学勤 , 杨春苑 主编 ;吴宏军 , 杨玉好 , 吴宏军 册主编 | |
| 分册: | 3 | |
| 出版信息: | 青岛 中国海洋大学出版社 2004.11 |
|
| 页数: | 469页 | |
| 开本: | 26cm | |
| 丛书名: | ||
| 单 册: | ||
| 中图分类: | H31 | |
| 科图分类: | ||
| 主题词: | 英语--ying yu , 英语--ying yu--高等学校--教学参考资料 | |
| 电子资源: | ||
| ISBN: | 7-81067-600-8 | |
| 000 | 01150nam0 2200313 450 | |
| 001 | CAL 012006040438 | |
| 005 | 20061113105816.51 | |
| 010 | @a7-81067-600-8@dCNY29.80 | |
| 100 | @a20061012d2004 em y0chiy0120 ea | |
| 101 | 0 | @achi@aeng |
| 102 | @aCN@b370000 | |
| 105 | @ay a 000yy | |
| 200 | 1 | @a大学英语导学与精练@Ada xue ying yu dao xue yu jing lian@h3@f杨春苑, 贾学勤主编@g吴宏军, 杨玉好册主编@g吴宏军 … [等]编 |
| 210 | @a青岛@c中国海洋大学出版社@d2004.11 | |
| 215 | @a469页@d26cm | |
| 304 | @a本书编者为: 吴宏军、杨玉好、张弘等 | |
| 320 | @a有书目 (第469页) | |
| 330 | @a本书包括以下内容: 背景知识; 课文精析; 核心词汇和短语详解; 句型结构; 疑难句解析; 阅读系列讲座; 课文参考译文等。 | |
| 510 | 1 | @aA guide to college English study@h3@zeng |
| 606 | 0 | @a英语@Aying yu |
| 606 | 0 | @a英语@Aying yu@x高等学校@j教学参考资料 |
| 690 | @aH31@v4 | |
| 701 | 0 | @a贾学勤@Ajia xue qin@c(英语)@4主编 |
| 701 | 0 | @a杨春苑@Ayang chun yuan@c(英语)@4主编 |
| 702 | 0 | @a吴宏军@Awu hong jun@c(英语)@4册主编 |
| 702 | 0 | @a杨玉好@Ayang yu hao@4册主编 |
| 702 | 0 | @a吴宏军@Awu hong jun@4编 |
| 801 | 0 | @aCN@c20061113 |
| 905 | @a10447@dH31@eY1501 | |
| 大学英语导学与精练.3/杨春苑, 贾学勤主编/吴宏军, 杨玉好册主编/吴宏军 … [等]编.-青岛:中国海洋大学出版社,2004.11 |
| 469页;26cm |
| ISBN 7-81067-600-8:CNY29.80 |
| 本书包括以下内容: 背景知识; 课文精析; 核心词汇和短语详解; 句型结构; 疑难句解析; 阅读系列讲座; 课文参考译文等。 |
| ● |
| 相关链接 |
|
|
|
正题名:大学英语导学与精练
索取号:H31/Y1501
 
预约/预借
| 序号 | 登录号 | 条形码 | 馆藏地/架位号 | 状态 | 备注 |
| 1 | 636789 | 206367894 | 语言库209/209语言库 89排1列3层/ [索取号:H31/Y1501] | 在馆 | |
| 2 | 636790 | 206367901 | 语言库209/209语言库 89排1列3层/ [索取号:H31/Y1501] | 在馆 | |
| 3 | 636791 | 206367910 | 语言库209/209语言库 89排1列3层/ [索取号:H31/Y1501] | 在馆 |